[Event "Hessenliga 1213"]
[Site "Germany"]
[Date "2013.05.05"]
[Round "9.7"]
[White "Fischer, Roger"]
[Black "Seipp, Thorsten"]
[Result "1/2-1/2"]
[WhiteElo "2113"]
[BlackElo "2118"]
[PlyCount "61"]
[EventDate "2012.09.16"]
[EventType "team-tourn"]
[EventRounds "9"]
[EventCountry "GER"]
[SourceTitle "EXT 2014"]
[Source "ChessBase"]
[SourceDate "2013.11.20"]
[SourceVersion "1"]
[SourceVersionDate "2013.11.20"]
[SourceQuality "1"]
[WhiteTeam "Eppstein"]
[BlackTeam "Griesheim II"]
[WhiteTeamCountry "GER"]
[BlackTeamCountry "GER"]

1. Nf3 e6 2. g3 d5 3. c4 Be7 4. d4 Nf6 5. Bg2 0-0 6. 0-0 c6 7. Nbd2 Nbd7 8. b3 b6 9. Bb2 Bb7 10. Qc2 Rc8 11. Rac1 Re8 12. e3 Bd6 13. cxd5 cxd5 14. Qb1 Qe7 15. Rxc8 Rxc8 16. Rc1 Qd8 17. Bf1 Rxc1 18. Qxc1 Qc8 19. Qxc8+ Bxc8 20. Bd3 Nb8 21. Kf1 Ba6 22. Ke2 Bxd3+ 23. Kxd3 Kf8 24. h3 Ke7 25. Ne1 Nc6 26. Nc2 Nb4+ 27. Nxb4 Bxb4 28. Bc3 Bxc3 29. Kxc3 Kd6 30. a4 Nd7 31. f4 1/2-1/2

[Event "Hessenliga 1213"]
[Site "Germany"]
[Date "2012.11.04"]
[Round "3.5"]
[White "Heck, Stefan"]
[Black "Fischer, Roger"]
[Result "1/2-1/2"]
[WhiteElo "2048"]
[BlackElo "2113"]
[PlyCount "44"]
[EventDate "2012.09.16"]
[EventType "team-tourn"]
[EventRounds "9"]
[EventCountry "GER"]
[SourceTitle "EXT 2014"]
[Source "ChessBase"]
[SourceDate "2013.11.20"]
[SourceVersion "1"]
[SourceVersionDate "2013.11.20"]
[SourceQuality "1"]
[WhiteTeam "Steinbach"]
[BlackTeam "Eppstein"]
[WhiteTeamCountry "GER"]
[BlackTeamCountry "GER"]

1. e4 d6 2. d4 Nf6 3. Nc3 e5 4. dxe5 dxe5 5. Qxd8+ Kxd8 6. Bg5 Be6 7. Nf3 Bd6 8. 0-0-0 Nbd7 9. Bb5 Kc8 10. Rhe1 a6 11. Bxd7+ Nxd7 12. Be3 f6 13. Ng1 b6 14. Nge2 Kb7 15. Rd2 Rad8 16. Red1 Nb8 17. Nd5 Bxd5 18. Rxd5 Be7 19. Nc3 c6 20. R5d3 b5 21. a3 Rxd3 22. Rxd3 Rd8 1/2-1/2

[Event "Hessenliga 0910"]
[Site "Germany"]
[Date "2010.03.14"]
[Round "8.6"]
[White "Nimsch, Helmut"]
[Black "Fischer, Roger"]
[Result "1-0"]
[WhiteElo "2077"]
[BlackElo "2129"]
[PlyCount "91"]
[EventDate "2009.09.20"]
[EventType "team-tourn"]
[EventRounds "9"]
[EventCountry "GER"]
[SourceTitle "EXT 2011"]
[Source "ChessBase"]
[SourceDate "2010.11.26"]
[SourceVersion "1"]
[SourceVersionDate "2010.11.26"]
[SourceQuality "1"]
[WhiteTeam "Frankfurt BvK II"]
[BlackTeam "Eppstein"]
[WhiteTeamCountry "GER"]
[BlackTeamCountry "GER"]

1. d4 d6 2. Nf3 g6 3. c4 Bg7 4. Nc3 e5 5. dxe5 dxe5 6. Qxd8+ Kxd8 7. Bg5+ f6 8. 0-0-0+ Nd7 9. Bh4 Ne7 10. e4 c6 11. Be2 g5 12. Bg3 Ng6 13. Nd2 h5 14. h3 Bf8 15. a3 a5 16. Na4 Kc7 17. Nb3 b6 18. Rd2 Be7 19. Rhd1 Ngf8 20. f3 Nc5 21. Naxc5 bxc5 22. h4 gxh4 23. Bxh4 Ne6 24. Kb1 Nd4 25. Nxd4 cxd4 26. f4 Kd8 27. Rh1 Bg4 28. c5 a4 29. Bg3 Bxe2 30. Rxe2 exf4 31. Bxf4 Bxc5 32. g4 h4 33. Rc2 Ra5 34. Rhc1 h3 35. Bh2 Be7 36. Rxc6 Kd7 37. Rc7+ Ke6 38. R1c6+ Kf7 39. Bd6 Re8 40. Rb7 h2 41. Bxh2 Kg6 42. Bf4 Bf8 43. g5 Rxg5 44. Bxg5 Kxg5 45. Rf7 Be7 46. Re6 1-0

[Event "Hessenliga 0607"]
[Site "Germany"]
[Date "2007.03.25"]
[Round "9.6"]
[White "Donchenko, Irina"]
[Black "Fischer, Roger"]
[Result "1/2-1/2"]
[WhiteElo "2069"]
[BlackElo "2135"]
[PlyCount "50"]
[EventDate "2006.09.17"]
[EventType "team"]
[EventRounds "9"]
[EventCountry "GER"]
[SourceTitle "EXT 2008"]
[Source "ChessBase"]
[SourceDate "2007.11.25"]
[SourceVersion "1"]
[SourceVersionDate "2007.11.25"]
[SourceQuality "1"]
[WhiteTeam "Giessen II"]
[BlackTeam "Eppstein"]
[WhiteTeamCountry "GER"]
[BlackTeamCountry "GER"]

1. d4 d6 2. c4 g6 3. g3 Bg7 4. Bg2 Nf6 5. Nc3 0-0 6. Nf3 c6 7. 0-0 Qa5 8. Qc2 Qh5 9. Rd1 Bg4 10. b4 Nbd7 11. Bb2 Nb6 12. Qd3 d5 13. Ne5 Bf5 14. e4 dxe4 15. Nxe4 Nxe4 16. Bxe4 Bxe4 17. Qxe4 Na4 18. g4 Qh4 19. Nf3 Qf6 20. Rab1 Nxb2 21. Rxb2 Qd6 22. c5 Qd7 23. Re2 e6 24. Ne5 Bxe5 25. Qxe5 Rae8 1/2-1/2

[Event "Hessenliga 0607"]
[Site "Germany"]
[Date "2007.02.11"]
[Round "7.4"]
[White "Stickler, Roberto"]
[Black "Fischer, Roger"]
[Result "1-0"]
[WhiteElo "2190"]
[BlackElo "2135"]
[PlyCount "81"]
[EventDate "2006.09.17"]
[EventType "team"]
[EventRounds "9"]
[EventCountry "GER"]
[SourceTitle "EXT 2008"]
[Source "ChessBase"]
[SourceDate "2007.11.25"]
[SourceVersion "1"]
[SourceVersionDate "2007.11.25"]
[SourceQuality "1"]
[WhiteTeam "Dettingen"]
[BlackTeam "Eppstein"]
[WhiteTeamCountry "GER"]
[BlackTeamCountry "GER"]

1. d4 d6 2. Nf3 g6 3. e4 Bg7 4. Be2 Nf6 5. Nc3 0-0 6. 0-0 c6 7. h3 Qc7 8. e5 Nd5 9. Nxd5 cxd5 10. Bf4 dxe5 11. Bxe5 Qb6 12. Bxg7 Kxg7 13. Rb1 Nc6 14. c3 Bf5 15. Bd3 Bxd3 16. Qxd3 a5 17. Rfe1 e6 18. h4 h5 19. Ng5 Ne7 20. Qg3 Nf5 21. Qe5+ Kg8 22. Nf3 Qd6 23. g3 Qxe5 24. Nxe5 Rfc8 25. a4 Nd6 26. Rbc1 Nc4 27. Nxc4 Rxc4 28. b3 Rc6 29. Rc2 Rb8 30. c4 dxc4 31. Rxc4 Rb6 32. Re5 Rxb3 33. Rxa5 Rd8 34. Ra7 Rd7 35. a5 Ra3 36. Rb4 Kg7 37. Rb6 Rxd4 38. Rbxb7 Rd1+ 39. Kg2 Rda1 40. Rxf7+ Kg8 41. Rfb7 1-0

[Event "Hessenliga 0506"]
[Site "Germany"]
[Date "2006.02.12"]
[Round "8.5"]
[White "Fischer, Roger"]
[Black "Kubens, Viktor"]
[Result "1/2-1/2"]
[WhiteElo "2175"]
[BlackElo "2014"]
[PlyCount "141"]
[EventDate "2005.09.11"]
[EventType "team"]
[EventRounds "11"]
[EventCountry "GER"]
[SourceTitle "EXT 2007"]
[Source "ChessBase"]
[SourceDate "2006.11.23"]
[SourceVersion "1"]
[SourceVersionDate "2006.11.23"]
[SourceQuality "1"]
[WhiteTeam "Eppstein"]
[BlackTeam "Biebertal"]
[WhiteTeamCountry "GER"]
[BlackTeamCountry "GER"]

1. Nf3 d5 2. c4 c6 3. d4 Nf6 4. Nc3 Bg4 5. Ne5 e6 6. Nxg4 Nxg4 7. e4 Nf6 8. e5 Nfd7 9. Be3 Na6 10. Be2 dxc4 11. Bxc4 Nc7 12. 0-0 Nb6 13. Bd3 Ncd5 14. Ne4 Qc7 15. Rc1 Be7 16. a3 0-0 17. Qh5 g6 18. Qh6 f6 19. exf6 Bxf6 20. Nxf6+ Nxf6 21. Qh3 Qe7 22. d5 exd5 23. Bc5 Qd7 24. Qxd7 Nbxd7 25. Bxf8 Kxf8 26. Rfe1 Re8 27. Rxe8+ Kxe8 28. Re1+ Kf7 29. b4 Ng4 30. f4 Nb6 31. h3 Nf6 32. Kf2 Ne8 33. Ke3 Nd6 34. Kd4 Ndc4 35. Bxc4 Nxc4 36. a4 Nd2 37. b5 Nb3+ 38. Ke5 Ke7 39. bxc6 bxc6 40. g4 Nc5 41. Kd4+ Ne6+ 42. Kc3 Kf6 43. Rf1 a5 44. f5 Nc5 45. fxg6+ Kxg6 46. Kd4 Nxa4 47. Ra1 Nb2 48. Rxa5 Kg5 49. Ra7 h6 50. Rc7 Kh4 51. Rxc6 Kxh3 52. Rxh6+ Kxg4 53. Rh1 Nc4 54. Kxd5 Nd2 55. Kd4 Nf3+ 56. Ke3 Ng5 57. Rf1 Nh3 58. Rf8 Ng5 59. Rf4+ Kh5 60. Rf6 Kg4 61. Rf1 Nh3 62. Rf3 Ng5 63. Rf4+ Kh5 64. Rf5 Kg4 65. Ra5 Ne6 66. Ke4 Ng5+ 67. Ke5 Nf3+ 68. Kf6 Kf4 69. Ra3 Ke4 70. Ra4+ Nd4 71. Rxd4+ 1/2-1/2

[Event "Hessenliga 0405"]
[Site "Germany"]
[Date "2004.12.05"]
[Round "4.3"]
[White "Fischer, Roger"]
[Black "Rasch, Holger"]
[Result "0-1"]
[WhiteElo "2155"]
[BlackElo "2246"]
[PlyCount "66"]
[EventDate "2004.09.26"]
[EventType "team"]
[EventRounds "9"]
[EventCountry "GER"]
[SourceTitle "EXT 2006"]
[Source "ChessBase"]
[SourceDate "2005.11.24"]
[SourceVersion "1"]
[SourceVersionDate "2005.11.24"]
[SourceQuality "1"]
[WhiteTeam "Eppstein"]
[BlackTeam "Steinbach"]
[WhiteTeamCountry "GER"]
[BlackTeamCountry "GER"]

1. Nf3 d5 2. c4 e6 3. g3 Nf6 4. b3 Be7 5. Bb2 0-0 6. Bg2 c5 7. e3 Nc6 8. 0-0 d4 9. exd4 cxd4 10. Re1 Ne8 11. a3 a5 12. d3 f6 13. Nbd2 e5 14. Qe2 Nc7 15. Rf1 Bg4 16. h3 Bh5 17. g4 Be8 18. Ne4 Ne6 19. Bc1 Bd7 20. Ng3 Qc7 21. Ne1 Kh8 22. Bd2 g6 23. Nc2 Rae8 24. b4 Nf4 25. Qf3 Nxb4 26. axb4 Bc6 27. Ne4 f5 28. b5 fxe4 29. dxe4 Bxb5 30. Bxa5 Qxc4 31. Na3 Bxa3 32. Qxa3 Nxg2 33. Kxg2 Qc2 0-1

[Event "Hessenliga 0405"]
[Site "Germany"]
[Date "2004.11.07"]
[Round "3.2"]
[White "Fischer, Roger"]
[Black "Buchal, Stephan"]
[Result "0-1"]
[WhiteElo "2155"]
[BlackElo "2347"]
[PlyCount "56"]
[EventDate "2004.09.26"]
[EventType "team"]
[EventRounds "9"]
[EventCountry "GER"]
[SourceTitle "EXT 2006"]
[Source "ChessBase"]
[SourceDate "2005.11.24"]
[SourceVersion "1"]
[SourceVersionDate "2005.11.24"]
[SourceQuality "1"]
[WhiteTeam "Eppstein"]
[BlackTeam "Hofheim II"]
[WhiteTeamCountry "GER"]
[BlackTeamCountry "GER"]

1. Nf3 g6 2. g3 Bg7 3. c4 f5 4. Nc3 Nf6 5. Bg2 0-0 6. 0-0 d6 7. Rb1 e5 8. d3 a5 9. a3 h6 10. b4 axb4 11. axb4 g5 12. Bb2 Qe8 13. Ra1 Rxa1 14. Qxa1 Na6 15. b5 Nc5 16. Na4 e4 17. Ne1 Nxa4 18. Qxa4 Qh5 19. Bxf6 Bxf6 20. dxe4 Qxe2 21. exf5 Bxf5 22. Bxb7 Bd4 23. Bf3 Bxf2+ 24. Rxf2 Qxe1+ 25. Rf1 Qe3+ 26. Kg2 Be4 27. Qd1 Rxf3 28. Rxf3 g4 0-1

[Event "Hessenliga 0304"]
[Site "Germany"]
[Date "2003.12.07"]
[Round "4.3"]
[White "Feldtmann, Thomas"]
[Black "Fischer, Roger"]
[Result "1/2-1/2"]
[WhiteElo "2190"]
[BlackElo "2164"]
[PlyCount "83"]
[EventDate "2003.10.??"]
[EventType "team"]
[EventRounds "9"]
[EventCountry "GER"]
[SourceTitle "EXT 2005"]
[Source "ChessBase"]
[SourceDate "2004.11.15"]
[SourceVersion "1"]
[SourceVersionDate "2004.11.15"]
[SourceQuality "1"]
[WhiteTeam "Marburg"]
[BlackTeam "Eppstein"]
[WhiteTeamCountry "GER"]
[BlackTeamCountry "GER"]

1. c4 g6 2. Nc3 Bg7 3. g3 c5 4. Bg2 Nc6 5. e4 e6 6. Nge2 Nge7 7. d3 d6 8. Bg5 h6 9. Be3 Nd4 10. Qd2 a6 11. Rb1 Nec6 12. h3 Rb8 13. 0-0 b5 14. f4 f5 15. cxb5 axb5 16. exf5 gxf5 17. Bxc6+ Nxc6 18. d4 cxd4 19. Nxd4 Nxd4 20. Bxd4 Bxd4+ 21. Qxd4 Rg8 22. Kh2 Kf7 23. Rbd1 Rb6 24. b4 h5 25. h4 Rg4 26. Rd2 Bb7 27. Qe3 Qc7 28. Re1 Rg6 29. Nd5 Bxd5 30. Rxd5 Rf6 31. Re2 Qc6 32. Rd1 Ra6 33. Rc1 Qd5 34. Rc7+ Kg6 35. Qd2 Qf3 36. Rc3 Qa8 37. Rce3 Kf7 38. Qc2 Rc6 39. Qd3 Rc1 40. Rg2 Qc6 41. Ree2 Rc4 42. Qd1 1/2-1/2